La cicatriz urbana /

שמור ב:
מידע ביבליוגרפי
מחבר ראשי: Márquez Valdés, Luis Adolfo (autor)
פורמט: Tesis ספר
שפה:ספרדית
נושאים:
תגים: הוספת תג
אין תגיות, היה/י הראשונ/ה לתייג את הרשומה!

MARC

LEADER 00000nam^a2200000^a^4500
001 000103658
005 20250521000000.0
009 20260310093355.793
037 |a Acervo ITESO - Biblioteca 
041 |a ESP 
090 |a ARQ. 451 
100 |a Márquez Valdés, Luis Adolfo  |e (autor) 
245 1 3 |a La cicatriz urbana /  |c L.A. Márquez Valdés. 
264 |a Guadalajara, México :  |b edición de autor,  |c 1999 
300 |a 95 p. 
336 |a texto  |b txt  |2 rdacontenido 
337 |a sin mediación  |b n  |2 rdamedio 
338 |a volumen  |b nc  |2 rdasoporte 
502 |a ITESO Tesis de Licenciatura en Arquitectura 
649 |a XX 
650 |a Zonas Conurbadas -  |z Guadalajara, Jalisco 
650 |a Canales -  |z Guadalajara, Jalisco 
650 |a Zonificación Urbana -  |z Guadalajara, Jalisco 
650 |a Planeación Urbana -  |z Guadalajara, Jalisco 
650 |a Desarrollo Urbano -  |z Guadalajara, Jalisco 
650 |a Proyecto Arquitectónico 
650 |a Diseño Arquitectónico 
650 |a Proyecto Urbano -  |z Guadalajara, Jalisco 
650 |a Diseño Urbano 
650 |a Arquitectura -  |z Guadalajara, Jalisco 
650 |a Urbanismo -  |z Guadalajara, Jalisco 
910 |a Fondo General 
920 |a Impresos - Tesis del ITESO 
930 |a Colección General 
905 |a 104 
901 |a 0500039501  |b IT2  |c TSS  |u 20250521 
902 |a https://opac.biblio.iteso.mx/vufind/Record/000103658